[Event "Hessen-ch Seniors op 04th"]
[Site "Bad Sooden-Allendorf"]
[Date "2008.04.24"]
[Round "1"]
[White "Drebes, Gerhard"]
[Black "Schneider, Hans1111"]
[Result "1-0"]
[WhiteElo "1927"]
[BlackElo "1541"]
[PlyCount "65"]
[EventDate "2008.04.24"]
[EventType "swiss"]
[EventRounds "9"]
[EventCountry "GER"]
[SourceTitle "EXT 2022"]
[Source "ChessBase"]
[SourceDate "2021.10.06"]
[SourceVersion "1"]
[SourceVersionDate "2021.10.06"]
[SourceQuality "1"]

1. d4 Nf6 2. c4 e5 3. dxe5 Ng4 4. Nf3 Nc6 5. Bd2 Ngxe5 6. Nxe5 Nxe5 7. e3 d6 8. Bc3 Be6 9. Qb3 Rb8 10. Bxe5 dxe5 11. Qb5+ c6 12. Qxe5 Bb4+ 13. Nc3 Bxc3+ 14. Qxc3 0-0 15. Be2 Qc7 16. 0-0 f5 17. f4 Rbe8 18. Bf3 Bf7 19. g3 Re7 20. Rfe1 Rfe8 21. Rad1 h6 22. Kf2 h5 23. h4 Rd7 24. Rxd7 Qxd7 25. Rd1 Qe6 26. b3 Qe7 27. Re1 Bg6 28. Rd1 Rd8 29. Qe5 Qf8 30. Qc7 Rxd1 31. Bxd1 Qb4 32. Qb8+ Kh7 33. Qxa7 1-0

[Event "Hessen-ch Seniors op 03rd"]
[Site "Bad Sooden-Allendorf"]
[Date "2007.05.04"]
[Round "7"]
[White "Drebes, Gerhard"]
[Black "Hobusch, Werner"]
[Result "1/2-1/2"]
[WhiteElo "1907"]
[BlackElo "1980"]
[PlyCount "23"]
[EventDate "2007.04.27"]
[EventType "swiss"]
[EventRounds "9"]
[EventCountry "GER"]
[SourceTitle "EXT 2022"]
[Source "ChessBase"]
[SourceDate "2021.10.06"]
[SourceVersion "1"]
[SourceVersionDate "2021.10.06"]
[SourceQuality "1"]

1. d4 Nf6 2. c4 e5 3. dxe5 Ng4 4. Nf3 Bc5 5. e3 Nc6 6. Bd2 0-0 7. Bc3 Re8 8. Nbd2 Ngxe5 9. Be2 Bb4 10. Nxe5 Bxc3 11. Nxc6 Bxd2+ 12. Qxd2 1/2-1/2

[Event "Mecklenburg VP-ch Seniors op 06th"]
[Site "Plau am See"]
[Date "2006.10.09"]
[Round "6"]
[White "Rosen, Willy"]
[Black "Drebes, Gerhard"]
[Result "1-0"]
[WhiteElo "2174"]
[BlackElo "1909"]
[PlyCount "67"]
[EventDate "2006.10.04"]
[EventType "swiss"]
[EventRounds "9"]
[EventCountry "GER"]
[SourceTitle "EXT 2022"]
[Source "ChessBase"]
[SourceDate "2021.10.06"]
[SourceVersion "1"]
[SourceVersionDate "2021.10.06"]
[SourceQuality "1"]

1. e4 c5 2. Nf3 e6 3. d4 cxd4 4. Nxd4 a6 5. Bd3 Nf6 6. 0-0 Qc7 7. Qe2 d6 8. c4 Nbd7 9. Nc3 b6 10. Kh1 Ne5 11. f4 Nxd3 12. Qxd3 Bb7 13. f5 e5 14. Nde2 Rc8 15. b3 h6 16. Be3 Be7 17. Rac1 0-0 18. Ng3 Bc6 19. Nd5 Bxd5 20. exd5 Qb7 21. Ne4 Nxe4 22. Qxe4 Bf6 23. b4 Rfd8 24. Rfd1 Bg5 25. Bxg5 hxg5 26. c5 bxc5 27. bxc5 dxc5 28. Qxe5 Re8 29. Qg3 Red8 30. d6 f6 31. Qe3 Qf7 32. Rxc5 Rxc5 33. Qxc5 Qxa2 34. Qc7 1-0

[Event "Mecklenburg VP-ch Seniors op 06th"]
[Site "Plau am See"]
[Date "2006.10.08"]
[Round "5"]
[White "Drebes, Gerhard"]
[Black "Bornemann, Anton"]
[Result "1-0"]
[WhiteElo "1909"]
[BlackElo "1730"]
[PlyCount "73"]
[EventDate "2006.10.04"]
[EventType "swiss"]
[EventRounds "9"]
[EventCountry "GER"]
[SourceTitle "EXT 2022"]
[Source "ChessBase"]
[SourceDate "2021.10.06"]
[SourceVersion "1"]
[SourceVersionDate "2021.10.06"]
[SourceQuality "1"]

1. d4 e6 2. c4 d5 3. Nc3 c6 4. e3 Nf6 5. Nf3 Nbd7 6. Bd3 dxc4 7. Bxc4 Nd5 8. e4 N5b6 9. Bb3 Be7 10. 0-0 0-0 11. a4 Nf6 12. a5 Nbd7 13. Bg5 h6 14. Bd2 Re8 15. Qc2 Nh7 16. Ne2 Ng5 17. Ne1 Nf6 18. f3 Bd7 19. Nd3 Rc8 20. Be3 Bf8 21. Qd2 c5 22. Rfc1 Bb5 23. Ba4 Bxa4 24. Rxa4 cxd4 25. Rxd4 Rxc1+ 26. Nexc1 Qc7 27. b3 Rc8 28. Rc4 Qd8 29. Rxc8 Qxc8 30. Bxa7 Ba3 31. Ne2 Qd7 32. Qc2 Qb5 33. Bb6 h5 34. Nd4 Qe8 35. b4 e5 36. Ne2 Qe6 37. Bc5 1-0

[Event "Hessen-ch Seniors op 02nd"]
[Site "Bad Sooden-Allendorf"]
[Date "2006.05.02"]
[Round "8"]
[White "Drebes, Gerhard"]
[Black "Micheel, Peter"]
[Result "1-0"]
[WhiteElo "1909"]
[BlackElo "1728"]
[PlyCount "111"]
[EventDate "2006.04.25"]
[EventType "swiss"]
[EventRounds "9"]
[EventCountry "GER"]
[SourceTitle "EXT 2007"]
[Source "ChessBase"]
[SourceDate "2006.11.23"]
[SourceVersion "1"]
[SourceVersionDate "2006.11.23"]
[SourceQuality "1"]

1. d4 d5 2. c4 Nc6 3. Nf3 Bg4 4. Nc3 e6 5. e3 Nf6 6. h3 Bh5 7. Be2 Bd6 8. 0-0 0-0 9. a3 a6 10. b4 Na7 11. c5 Be7 12. Bb2 c6 13. Ne5 Bxe2 14. Qxe2 Nd7 15. Nd3 Nb5 16. Na2 Bf6 17. a4 Nc7 18. f3 Qe7 19. f4 g6 20. Nc3 Bg7 21. g4 Qh4 22. Kg2 Nf6 23. Qf2 Qxf2+ 24. Nxf2 Nd7 25. Nd3 f5 26. g5 Kf7 27. Kf3 Rh8 28. h4 h6 29. Rh1 h5 30. Ne5+ Bxe5 31. dxe5 Ke7 32. Ne2 Rhc8 33. Nd4 Nf8 34. Rhb1 Kd7 35. Ke2 Rcb8 36. Ba3 Nh7 37. Kd3 Nf8 38. Rc1 Nh7 39. Bb2 Nf8 40. Bc3 Ra7 41. Bd2 Nh7 42. Nb3 Nf8 43. Rcb1 Nh7 44. Nd4 Nf8 45. Bc3 Nh7 46. Rb2 Nf8 47. Rab1 Nh7 48. b5 axb5 49. axb5 cxb5 50. Nxb5 Nxb5 51. Rxb5 Nf8 52. Rb6 Kc7 53. c6 Kc8 54. Bb4 bxc6 55. Rxb8+ Kxb8 56. Bd6+ 1-0

[Event "GER-chT Seniors 14th"]
[Site "Sottrum"]
[Date "2005.09.20"]
[Round "3"]
[White "Drebes, Gerhard"]
[Black "Villing, Dieter"]
[Result "0-1"]
[WhiteElo "1918"]
[BlackElo "2259"]
[PlyCount "64"]
[EventDate "2005.09.18"]
[EventType "team-swiss"]
[EventRounds "7"]
[EventCountry "GER"]
[SourceTitle "CBM 108 Extra"]
[Source "ChessBase"]
[SourceDate "2005.11.04"]
[SourceVersion "1"]
[SourceVersionDate "2005.11.04"]
[SourceQuality "1"]

1. c4 e5 2. Nc3 c6 3. Nf3 d6 4. g3 f5 5. d3 Nf6 6. Qc2 Be7 7. Bg2 0-0 8. Bg5 Nbd7 9. 0-0 h6 10. Bxf6 Nxf6 11. b4 a6 12. a4 Qe8 13. b5 axb5 14. cxb5 Qh5 15. Qb3+ Kh8 16. a5 f4 17. Ne4 d5 18. Nxf6 Bxf6 19. Qb4 Bg4 20. Rab1 Rac8 21. bxc6 bxc6 22. Qc5 e4 23. dxe4 dxe4 24. Qxh5 Bxh5 25. Nd2 Bxe2 26. Rfc1 f3 27. Bh3 Bg5 28. Rb2 e3 29. fxe3 Bxe3+ 30. Kh1 Rcd8 31. Rcc2 Bd1 32. Rc1 Ba4 0-1